Statistics for Mediterranean Geography on a Map

Click here to take the quiz!

General Stats

  • This quiz has been taken 15,549 times
    (15,534 since last reset)
  • The average score is 22 of 35

Answers on the Map

Answers color-coded by a green-red scale on the quiz's map according to % correct below.
Loading ...
path d="m 422.13807,156.3737 3.158,0.597 1.26,1.492 1.486,-0.9 2.32,0.705 0.56,2.68 2.735,-1.44 4.013,0.372 3.01,3.875 -0.832,1.227 1.415,2.637 -1.572,2.38 2.66,1.65 1.05,3.942 3.274,1.73 -0.463,2.633 2.268,-0.148 2.53,1.033 -0.058,1.61 1.785,1.075 -2.102,2.48 -2.16,1.11 -4.462,-1.184 -1.132,1.865 1.727,1.663 0.417,5.4 1.318,2.116 -5.39,0.26 -2.972,4.732 0.824,2.69 -0.66,1.01 -2.618,-2.502 -3.552,-0.012 -1.995,1.206 -1.313,-2.606 -2.645,2.248 -0.837,-1.53 -9.037,-0.42 -0.51,-1.524 -2.163,-0.023 -7.275,-1.8 -3.914,-0.213 -5.306,0.7 -2.74,2.954 -2.512,0.69 -0.444,-0.902 0.653,-4.795 -3.158,-2.06 1.517,-2.21 3.19,-1.612 0.166,-4.84 -2.026,-4.615 -0.705,-3.295 4.79,-0.132 1.182,0.66 2.75,-0.833 4.963,-3.782 1.408,-2.233 0.283,-3.025 2.383,-0.998 1.143,-1.764 1.804,0.262 1.485,-1.555 -2.378,-0.645 0.997,-3.31 2.59,-1.605 4.094,0.327 2.133,-3.073 z" id="by" class="country" />
 

Answer Stats

GroupAnswer% Correct
IslandsCyprus
94%
IslandsSicily
93%
CitiesAthens
89%
RiversNile
88%
CitiesTunis
87%
TerritoriesGibraltar
86%
CitiesBarcelona
84%
IslandsCorsica
84%
IslandsSardinia
82%
CitiesAlexandria
82%
CitiesNaples
82%
IslandsCrete
80%
CitiesVenice
77%
SeasAdriatic
76%
CitiesTripoli
74%
SeasAegean
74%
CitiesTel Aviv
72%
Coastlines{French} Riviera
66%
TerritoriesGaza Strip
64%
IslandsMajorca
64%
IslandsIbiza
59%
IslandsMenorca
53%
RiversPo
51%
Coastlines{Italian} Riviera
48%
IslandsRhodes
47%
RiversRhone
45%
SeasBalearic
37%
SeasIonian
35%
TerritoriesCeuta
35%
CoastlinesDalmatian
33%
SeasTyrrhenian
29%
TerritoriesMelilla
27%
CoastlinesCosta del Sol
22%
CoastlinesCosta Brava
17%
IslandsKrk
17%

Score Distribution

Percentile by Number Answered

Percent of People with Each Score

Your Score History

You have not taken this quiz since the last reset